Cartoon Characters #2 - Statistics

General Stats
  • This quiz has been taken 14 times
  • The average score is 9 of 25
Answer Stats
Hint Answer % Correct
Stole Christmas The Grinch
92%
Annoying Yellow square SpongeBob Squarepants
75%
He heard a Who Horton
67%
Above's best "friend" Patrick Star
67%
Above two's neighbor Squidward Tentacles
67%
Cold Hearted Batmanvillain introduced in TAS Mr. Freeze
58%
Speaks for the Trees The Lorax
50%
OWCA Agent that is the onlyMammal to Lay eggs and sweat Milk Perry the Platypus
42%
Was Batman in the future Terry McGinnis
42%
Pink haired Female Godparent of #17 Wanda
42%
Green haired Male Godparent of #17 Cosmo
33%
Silent Step-Brother of above Ferb Fletcher
33%
"GET ON THE TRIKE!!!" TriangleHead boy who you don't want looking at the Camera Phineas Flynn
33%
Frenemy of above The Once-ler
33%
"Ya Like Jazz?" Barry B. Benson
25%
Intern of OWCA Carl Karl (The Unpaid Intern)
25%
Main villain of the Agent who'dHave 2 nickels for being doomed by a puppet Dr. Heinz Doofenshmirtz
25%
Child of Above 2 Poof
25%
(#17) Bullied Boy with a Silly Pink Hat Timmy Turner
25%
Babysitter of him Vicky
25%
Boss of Above Major Francis Monogram
17%
Nickname of above's Father Dad
8%
Spanish Ex of Female Godparent Juandissimo Magnifico
8%
Nickname of his Mother Mom
8%
Godchild of Above Remy Buxaplenty
8%
No matching quizzes found
Score Distribution
Percent of People with Each Score
Percentile by Number Answered
Your Score History
You have not taken this quiz